<?xml version="1.0" encoding="UTF-8"?>
<record
    xmlns:xsi="http://www.w3.org/2001/XMLSchema-instance"
    xsi:schemaLocation="http://www.loc.gov/MARC21/slim http://www.loc.gov/standards/marcxml/schema/MARC21slim.xsd"
    xmlns="http://www.loc.gov/MARC21/slim">

  <leader>01035nab a2200265 uc4500</leader>
  <controlfield tag="001">749900</controlfield>
  <controlfield tag="005">20260427131626.0</controlfield>
  <controlfield tag="008">020613s1999                        spa  </controlfield>
  <datafield tag="035" ind1=" " ind2=" ">
    <subfield code="a">749900</subfield>
  </datafield>
  <datafield tag="035" ind1=" " ind2=" ">
    <subfield code="a">(OCoLC)819955224</subfield>
  </datafield>
  <datafield tag="040" ind1=" " ind2=" ">
    <subfield code="c">comduadb</subfield>
  </datafield>
  <datafield tag="041" ind1=" " ind2=" ">
    <subfield code="a">spa</subfield>
  </datafield>
  <datafield tag="245" ind1="1" ind2="0">
    <subfield code="a">Sigma, sello de calidad par los usuarios</subfield>
  </datafield>
  <datafield tag="610" ind1="2" ind2="4">
    <subfield code="a">Empresas P&#xFA;blicas de Medell&#xED;n</subfield>
    <subfield code="9">828616</subfield>
  </datafield>
  <datafield tag="650" ind1=" " ind2=" ">
    <subfield code="a">Metodolog&#xED;a Seis Sigma</subfield>
    <subfield code="9">72363</subfield>
  </datafield>
  <datafield tag="650" ind1=" " ind2=" ">
    <subfield code="a">Sistemas de Informaci&#xF3;n Geogr&#xE1;fica (SIG)</subfield>
    <subfield code="9">38252</subfield>
  </datafield>
  <datafield tag="650" ind1=" " ind2=" ">
    <subfield code="a">Redes de transmisi&#xF3;n de datos</subfield>
    <subfield code="9">55309</subfield>
  </datafield>
  <datafield tag="650" ind1=" " ind2=" ">
    <subfield code="a">Redes de servicios p&#xFA;blicos</subfield>
    <subfield code="9">100876</subfield>
  </datafield>
  <datafield tag="650" ind1=" " ind2=" ">
    <subfield code="a">Universidad y empresa</subfield>
    <subfield code="9">52223</subfield>
  </datafield>
  <datafield tag="650" ind1=" " ind2=" ">
    <subfield code="a">Formaci&#xF3;n de usuarios</subfield>
    <subfield code="9">21730</subfield>
  </datafield>
  <datafield tag="650" ind1=" " ind2=" ">
    <subfield code="a">Universidad de Antioquia. Facultad de Ingenier&#xED;a - CESET (Centro de Extensi&#xF3;n Acad&#xE9;mica)</subfield>
    <subfield code="9">53309</subfield>
  </datafield>
  <datafield tag="650" ind1=" " ind2=" ">
    <subfield code="a">Convenios interinstitucionales</subfield>
    <subfield code="9">59170</subfield>
  </datafield>
  <datafield tag="773" ind1="0" ind2=" ">
    <subfield code="t">Alma Mater. Universidad de Antioquia (Medell&#xED;n)</subfield>
    <subfield code="g">N&#xFA;mero 471, Octubre 1999, p. 20</subfield>
    <subfield code="w">(CO-MdUADB)700931</subfield>
    <subfield code="x">1657-4303</subfield>
    <subfield code="0">212942</subfield>
    <subfield code="9">893564</subfield>
    <subfield code="o">61000004291061</subfield>
  </datafield>
  <datafield tag="942" ind1=" " ind2=" ">
    <subfield code="c">ARIMP</subfield>
  </datafield>
  <datafield tag="999" ind1=" " ind2=" ">
    <subfield code="c">240310</subfield>
    <subfield code="d">240310</subfield>
  </datafield>
</record>
